000 00253nam a2200109 a 4500
001 4144
005 20140414132004.0
008 090317s19uu xx 00 eng d
050 _aTR
_bC71 2004
245 _aColours :
_ba wipe-clean book.
999 _c113127
_d113127